书目信息 |
| 题名: |
内功解秘
|
|
| 作者: | 李和生 著 | |
| 分册: | ||
| 出版信息: | 北京 经济管理出版社 2006 |
|
| 页数: | 275页 | |
| 开本: | 26cm | |
| 丛书名: | ||
| 单 册: | ||
| 中图分类: | G852.11 | |
| 科图分类: | ||
| 主题词: | 太极拳--基本知识 , 太极拳 | |
| 电子资源: | ||
| ISBN: | 7-80207-474-6 | |
| 000 | 00812nam0 2200253 450 | |
| 001 | 003089904 | |
| 005 | 20061117083823.15 | |
| 010 | @a7-80207-474-6@dCNY38.00 | |
| 100 | @a20060116d2006 em y0chiy0110 ea | |
| 101 | 0 | @achi |
| 102 | @aCN@b110000 | |
| 105 | @aac z 000yy | |
| 200 | 1 | @a内功解秘@9nei gong jie mi@e杨式太极拳老六路@f李和生著 |
| 210 | @a北京@c经济管理出版社@d2006 | |
| 215 | @a275页@c图,照片,肖像@d26cm | |
| 330 | @a本书包括:太极拳的流派及杨式太极拳的历史地位、太极松功、太极腰功、太极拳对身法的要求等内容。 | |
| 517 | 1 | @a杨式太极拳老六路@9yang shi tai ji quan lao liu lu |
| 606 | 0 | @a太极拳@x基本知识 |
| 606 | 0 | @a太极拳 |
| 610 | 0 | @a杨式太极拳 |
| 690 | @aG852.11@v4 | |
| 701 | 0 | @a李和生@9li he sheng@f(1926.11~)@4著 |
| 801 | 0 | @aCN@bNLC@c20061117 |
| 905 | @a10447@dG852.11@e143 | |
| 内功解秘:杨式太极拳老六路/李和生著.-北京:经济管理出版社,2006 |
| 275页:图,照片,肖像;26cm |
| ISBN 7-80207-474-6:CNY38.00 |
| 本书包括:太极拳的流派及杨式太极拳的历史地位、太极松功、太极腰功、太极拳对身法的要求等内容。 |
| ● |
| 相关链接 |
|
|
|
|
正题名:内功解秘
索取号:G852.11/143
 
预约/预借
| 序号 | 登录号 | 条形码 | 馆藏地/架位号 | 状态 | 备注 |
| 1 | 0389946 | 203899460 | 第一样本阅览室/ [索取号:G852.11/143] | 在馆 | |
| 2 | 0389947 | 203899479 | 第四借阅区/ [索取号:G852.11/143] | 在馆 | |
| 3 | 0389948 | 203899488 | 第四借阅区/ [索取号:G852.11/143] | 在馆 | |
| 4 | 0389949 | 203899497 | 第四借阅区/ [索取号:G852.11/143] | 在馆 | |
| 5 | 0389950 | 203899503 | 第四借阅区/ [索取号:G852.11/143] | 在馆 |